10 cars by pictures - British cars - Statistics

General Stats
  • This quiz has been taken 143 times
  • The average score is 5 of 10
Answer Stats
Picture Answer % Correct
Austin Mini
81%
Jaguar E Type
67%
McLaren P1
67%
Bentley Continental GT
61%
Aston Martin DB5
60%
Land Rover Defender
60%
Caterham 7
45%
Lotus Exige
34%
Rolls-Royce Silver Shadow
20%
TVR Cerbera
9%
No matching quizzes found
Score Distribution
Percent of People with Each Score
Percentile by Number Answered
Your Score History
You have not taken this quiz